00470nam a22001217a 4500008004100000050002200041100002400063245017500087260003200262300002800294521001200322650001400334180918b xxu||||| |||| 00| 0 eng d aLB 3051 .565 2005 aAtela Okeyo Solomon aAn analysis of the factors influencing the performance of self sponsored programmes in institution of higher education in kenya:bA case study of university of Nairobi aKenya;bOkeyo Solomonc2005 axi,96p :bill, ;c30cm. aMasters aeducation